000 01035nam a22002897a 4500
001 4418
003 FISKH
005 20240822124414.0
008 240822b cb ||||| |||| 00| 0 eng d
020 _a9780887430138
040 _aFISKH
_beng
_cFISKH
_dFISKH
050 _aPE1119.S596
082 _2823
100 _aSimon, Shirly
245 _aGet lost, Becka! /
_cWritten by Shirley Simon; Illustrated by Dora Leder
260 _aMichigan :
_bSchool Zone Publishing Company,
_c1819.
300 _a16 pages :
_bColor illustrations ;
_c23 cm
505 _aE
520 _aAn extremely relatable story for most children, older sister Jenny tells Becka to get lost. Feeling left out, Becka imagines how it will be when she is bigger and has more influence.
521 8 _a150L
_bLexile
521 8 _aE
_bRaz-Plus
600 _2Fiction
_dFamily
_tSisters
_xLearning How to Read
600 _aPicture book
_qEasy reader
_vReading On My Own At Home
700 _aLeder, Dora
_eillustrator
942 _2ddc
_cBK
_n0
999 _c4418
_d4418